ARRUPE JESUIT UNIVERSITY

CORONAVIRUS -STOP THE SPREAD - CLEAN,DISINFECT,COVER

Francis of Assisi: (Record no. 122522)

MARC details
000 -LEADER
fixed length control field 00785nam a22002057a 4500
008 - FIXED-LENGTH DATA ELEMENTS--GENERAL INFORMATION
fixed length control field 150326b xxu||||| |||| 00| 0 eng d
020 ## - INTERNATIONAL STANDARD BOOK NUMBER
International Standard Book Number 0894536265
050 ## - LIBRARY OF CONGRESS CALL NUMBER
Classification number BX4700.F6C65 1989
100 ## - MAIN ENTRY--PERSONAL NAME
Personal name Cook, W.R.
9 (RLIN) 16673
245 ## - TITLE STATEMENT
Title Francis of Assisi:
Remainder of title the way of poverty and humility
Statement of responsibility, etc /by William R. Cook
260 ## - PUBLICATION, DISTRIBUTION, ETC. (IMPRINT)
Place of publication, distribution, etc Wilmington, Delaware
Name of publisher, distributor, etc Michael Glazier
Date of publication, distribution, etc 1989
300 ## - PHYSICAL DESCRIPTION
Extent 135p. ;
Dimensions 22cm.
440 ## - SERIES STATEMENT/ADDED ENTRY--TITLE
Title The Way of the Christian mystics
Number of part/section of a work no.8
9 (RLIN) 16674
650 ## - SUBJECT ADDED ENTRY--TOPICAL TERM
Topical term or geographic name as entry element Francis, of Assisi, Saint, 1182-1226
9 (RLIN) 8904
650 ## - SUBJECT ADDED ENTRY--TOPICAL TERM
Topical term or geographic name as entry element Christian saints
General subdivision Assisi
-- Biography
Geographic subdivision Italy
9 (RLIN) 16675
650 ## - SUBJECT ADDED ENTRY--TOPICAL TERM
Topical term or geographic name as entry element Mysticism
General subdivision History
Geographic subdivision Italy
9 (RLIN) 16676
650 ## - SUBJECT ADDED ENTRY--TOPICAL TERM
Topical term or geographic name as entry element Mysticism
General subdivision History
-- Middle ages, 600-1500
9 (RLIN) 16677
700 ## - ADDED ENTRY--PERSONAL NAME
Personal name Noel Dermot O'Donoghue (series ed.)
9 (RLIN) 16678
942 ## - ADDED ENTRY ELEMENTS (KOHA)
Source of classification or shelving scheme Library of Congress Classification
Item type Monograph ( Printed materials)
Holdings
Withdrawn status Lost status Source of classification or shelving scheme Damaged status Not for loan Collection code Home library Current library Shelving location Date acquired Total Checkouts Full call number Barcode Date last seen Price effective from Koha item type
    Library of Congress Classification     Main Collection ARRUPE LIBRARY ARRUPE LIBRARY Main Collection 26/03/2015   BX4700.F6C65 1989 46500002578 22/11/2017 26/03/2015 Monograph ( Printed materials)

 

Arrupe Library. PO Box MP320 Mt Pleasant, Harare, Zimbabwe
263 242 745411|librarian@aju.ac.zw